Представление документа в формате RUSMARC

ПолеНазваниеЗначение
  Тип записи c
  Библиографический уровень m
001 Контрольный номер UONB/MAIN/854a57087e4641079c6e7739486318b2
005 Дата корректировки 20251126100433.4
010 Индекс ISBN __
9 Тираж 50000 экз.
013 Номер (ISMN) __
d Цена 55 к.
071 Издательские номер (звукозапись и ноты) 21
a Номер, присвоенный агентством 14351
100 Данные общей обработки __
a Данные общей обработки 20241206b1990 a y0rusy0189 ca
101 Язык документа 0_
a Язык текста rus
f Язык титульного листа rus
102 Страна публикации __
a Страна публикации RU
125 Кодированные данные звукозаписи и нотных изданий __
a Форма изложения нотного текста с
128 Кодированные данные (звукозаписи-физические характеристики) __
a Кодированные данные: Музыкальная форма и тональность или лад sg
b Инструменты или голоса, необходимые для ансамблей (устаревшее) cd
c Инструменты или голоса, рекомендуемые для солистов (устаревшее) kt
200 Заглавие и сведения об ответственности 1_
a Заглавие Вып. 2
203 Вид содержания и тип средства __
a Вид содержания Музыка
b Характеристика содержания знаковая
c Тип средства непосредственная
210 Выходные данные 1_
d Дата издания 1990
215 Физическое описание __
a Объем 48 с.
327 Примечание о содержании 11
a Примечание о содержании Содерж.: Арутюнов А. Радостный день / сл. В. Семернина. Бойко Р. Советская страна / сл. З. Петровой. Журбин А. Парус дружбы ; Смешной человечек / сл. П. Синявского. Чичков Ю. Наша школьная страна / сл. К. Ибряева. Песков Н. Пробуждальная песенка / сл. П. Синявского. Паулс Р. Золотая свадьба / сл. И. Резника. Савельев Б. Если добрый ты : из мультфильма "День рождения Леопольда" / сл. М. Пляцковского ; Большой хоровод / сл. Л. Жигалкиной и А. Хайта. Гладков Г. Песня друзей : из мультфильма "Бременские музыканты" / сл. Ю. Энтина. Гладков Г. Песенка Львенка и Черепахи : из мультфильма "Как Львенок и Черепаха пели песенку" / сл. С. Козлова. Майоров Р. Ква-ква / сл. М. Рябинина. Шаинский В. Мир похож на цветной луг : из мультфильма "Однажды утром" / сл. М. Пляцковского. Крылатов Е. Прекрасное Далеко : из тв. фильма "Гостья из будущего" / сл. Ю. Энтина ; Все сбывается на свете / сл. М. Пляцковского. Минков М. Дельфины / сл. О. Анофриева. Хромушин О. Сколько нас? / сл. Л. Куклина. Пахмутова А. Новый день : из вокал. цикла "Отчизна" / сл. Н. Добронравова.
461 Уровень набора _0
1 2001
a С песней весело шагать
e популярные песни для детей в переложении для баяна или аккордеона [с надписанным текстом]
f составитель А. Крылусов
v Вып. 2
1 2101
d 1988 -
a Москва
c Музыка
1 001UONB/MAIN/ef0ace6737f64c2aac9ea0152c13e99a
1 215
d 29 см
464 Аналитический уровень _0
1 036
t Над нами огромное небо...
1 700 1
a Арутюнов
b А.
1 702 1
a Семернин
b В.
4 520
1 2001
a Радостный день
464 Аналитический уровень _0
1 036
t На свете очень много стран...
1 700 1
a Бойко
b Р.
1 702 1
a Петрова
b З.
4 520
1 2001
a Советская страна
464 Аналитический уровень _0
1 036
t Всем! Всем! Всем!..
1 700 1
a Журбин
b А.
1 702 1
a Синявский
b П.
4 520
1 2001
a Парус дружбы
464 Аналитический уровень _0
1 036
t Я спешил к вам, друзья...
1 700 1
a Журбин
b А.
1 702 1
a Синявский
b П.
4 520
1 2001
a Смешной человечек
464 Аналитический уровень _0
1 036
t Не крутите пёстрый глобус...
1 700 1
a Чичков
b Ю.
1 702 1
a Ибряев
b К.
4 520
1 2001
a Наша школьная страна
464 Аналитический уровень _0
1 036
t По ресничкам бегают солнечные зайчики...
1 700 1
a Песков
b Н.
1 702 1
a Синявский
b П.
4 520
1 2001
a Пробуждальная песенка
464 Аналитический уровень _0
1 036
t Праздник, праздник празднуем семьей!..
1 700 1
a Паулс
b Р.
1 702 1
a Резник
b И.
4 520
1 2001
a Золотая свадьба
464 Аналитический уровень _0
1 036
t Дождик босиком по земле прошел...
1 700 1
a Савельев
b Б.
1 702 1
a Пляцковский
b М.
4 520
1 2001
a Если добрый ты
e из мультфильма "День рождения Леопольда"
1 50010
a День рождения Леопольда
464 Аналитический уровень _0
1 036
t Мы на свет родились...
1 700 1
a Савельев
b Б.
1 702 1
a Жигалкина
b Л.
4 520
1 702 1
a Хайт
b А.
4 520
1 2001
a Большой хоровод
464 Аналитический уровень _0
1 036
t Ничего на свете лучше нету...
1 700 1
a Гладков
b Г.
1 702 1
a Энтин
b Ю.
4 520
1 2001
a Песня друзей
e из мультфильма "Бременские музыканты"
1 50010
a Бременские музыканты
464 Аналитический уровень _0
1 036
t Я на солнышке лежу...
1 700 1
a Гладков
b Г.
1 702 1
a Козлов
b С.
4 520
1 2001
a Песенка Львенка и Черепахи
e из мультфильма "Как Львенок и Черепаха пели песенку"
1 50010
a Как Львенок и Черепаха пели песенку
464 Аналитический уровень _0
1 036
t В тишине прохладных кочек...
1 700 1
a Майоров
b Р.
1 702 1
a Рябинин
b М.
4 520
1 2001
a Ква-ква
464 Аналитический уровень _0
1 036
t Ветер зовет за собой облака...
1 700 1
a Шаинский
b В.
1 702 1
a Пляцковский
b М.
4 520
1 2001
a Мир похож на цветной луг
e из мультфильма "Однажды утром"
1 50010
a Однажды утром
464 Аналитический уровень _0
1 036
t Слышу голос из Прекрасного Далёка...
1 700 1
a Крылатов
b Е.
1 702 1
a Энтин
b ю
4 520
1 2001
a Прекрасное Далеко
e из телевизионного фильма "Гостья из будущего"
1 50010
a Гостья из будущего
464 Аналитический уровень _0
1 036
t Туча хмурая расстает...
1 700 1
a Крылатов
b Е.
1 702 1
a Пляцковский
b М.
4 520
1 2001
a Все сбывается на свете
464 Аналитический уровень _0
1 036
t Корабли в открытом море...
1 700 1
a Минков
b М.
1 702 1
a Анофриев
b О.
4 520
1 2001
a Дельфины
464 Аналитический уровень _0
1 036
t Из-за гор великанских...
1 700 1
a Хромушин
b О.
1 702 1
a Куклин
b Л.
4 520
1 2001
a Сколько нас?
464 Аналитический уровень _0
1 036
t Новый день берет свое начало...
1 700 1
a Пахмутова
b А.
1 702 1
a Добронравов
b Н.
4 520
1 2001
a Новый день
e из вокального цикла "Отчизна"
1 50010
a Отчизна
606 Тематические рубрики 0_
a Основная рубрика Баян
x Основная подрубрика Детские песни советских композиторов
x Основная подрубрика Переложения для баяна и аккордеона
610 Ключевые слова 0_
a Ключевые слова баян; аккордеон; детские песни советских композиторов; переложения для баяна и аккордеона
686 Индексы других классификаций __
2 Код системы rubbk
a Классификационный индекс 85.954.6-094(2)я43
686 Индексы других классификаций __
a Классификационный индекс 85.984.0-46(2)я44
801 Источник записи _0
a Страна RU
b Организация Ульяновская ОНБ
c Дата составления 20241206
g Правила каталогизации RCR
801 Источник записи _1
a Страна RU
b Организация Ульяновская ОНБ
c Дата составления 20241206
g Правила каталогизации RCR
901 Тип документа __
t Тип документа n
w Контрольный № источника UONB/MAIN/ef0ace6737f64c2aac9ea0152c13e99a
909 Создатель записи __
a Создатель записи Никитина Т. А.
b Дата создания записи 20241206